000 00617nam a2200253Ia 4500
008 170711s9999 xx 000 0 und d
020 _a9789719930006
050 _a794.12
050 _bL555 2002
100 _aLeMoir, David
245 _aHow to become a deadly chess tactician /
245 _cby David LeMoir.
260 _aUK :
260 _bGambit,
260 _c2002
300 _a240 pages :
300 _billustrations ;
300 _c22cm.
500 _aIncludes index.
650 _aChess problems --
650 _aChess problems.
650 _xCollections of games.
700 _aTitle.
999 _c339893
_d339893